CIVIL ENGINEERING CONTRACTS AND ESTIMATES (Record no. 5352)

MARC details
000 -LEADER
fixed length control field 00411nam a22001697a 4500
005 - DATE AND TIME OF LATEST TRANSACTION
control field 20170330113705.0
008 - FIXED-LENGTH DATA ELEMENTS--GENERAL INFORMATION
fixed length control field 170330b xxu||||| |||| 00| 0 eng d
020 ## - INTERNATIONAL STANDARD BOOK NUMBER
ISBN 978-81-7871-957-8
041 ## - LANGUAGE CODE
Language code of text/sound track or separate title eng
100 ## - MAIN ENTRY--AUTHOR NAME
Personal name PATIL,B S
245 ## - TITLE STATEMENT
Title CIVIL ENGINEERING CONTRACTS AND ESTIMATES
250 ## - EDITION STATEMENT
Edition statement 4th
260 ## - PUBLICATION, DISTRIBUTION, ETC. (IMPRINT)
Name of publisher UNIVERSITY PRESS
Year of publication 2015
300 ## - PHYSICAL DESCRIPTION
Number of Pages 498
650 ## - SUBJECT ADDED ENTRY--TOPICAL TERM
Topical Term ENGINEERING
942 ## - ADDED ENTRY ELEMENTS (KOHA)
Koha item type Books
Holdings
Lost status Damaged status Home library Current library Shelving location Date acquired Source of acquisition Cost, normal purchase price Full call number Accession Number Koha item type
    JRU Library JRU Library SHELF-103-H 29/03/2017 PURCHASE 525.00 343.540 786 24 21527 Books
    JRU Library   SHELF-44-F 29/03/2017 PURCHASE 525.00 343.540 786 24 21528 Books